000 00514nam a2200181Ia 4500
005 20250508150510.0
008 008 250505s9999 xx 000 0 eng d
037 _aTextual
040 _aFEDL
_beng
_cFEDL
041 _aeng
_2eng
084 _a808.2, GIE
_qFEDL
100 _aGielgud Val
_9756828
245 0 _aRight way to radio playwriting
260 _aLondon, UK
_bThe Rolls House House Publishing Company Ltd.
300 _a133p.
942 _cTEXL
_h808.2, GIE
999 _c1323922
_d1323922